000 00366pab a2200157 454500
008 180718b1983 xxu||||| |||| 00| 0 eng d
100 _aRao, B.S.S.
245 _aThe regional press and political socialisation
260 _c1983
300 _a99-102
362 _aApr.
650 _aPress - India
700 _aB.V. Sharma
773 _aVidura
909 _a16042
999 _c16042
_d16042